Grafoscopía y pericia caligráfica forense (Registro nro. 2992)

Detalles MARC
000 -Cabecera
Campo de control de longitud fija 00969aam a2200337 4500
005 - Fecha y hora de la última transacción
Campo de control 20251210134358.0
008 - Elementos de longitud fija--Información general
Campo de control de longitud fija 150622b2009 xxu||||| |||| 00| 0 spa d
020 ## - International Standard Book Number
Número Internacional Estándar del Libro (ISBN) 9788497905411
041 ## - Idioma
Código de idioma Español
082 ## - Clasificación Decimal Dewey
Número de clasificación 363.256.5 R666g
100 ## - Entrada principal--Autor personal
Nombre personal Robles Llorente, Miguel Angel
9 (RLIN) 25293
100 ## - Entrada principal--Autor personal
Nombre personal Vega Ramos, Antonio
9 (RLIN) 25294
245 ## - Título propiamente dicho
Título Grafoscopía y pericia caligráfica forense
260 ## - Pie de imprenta
Lugar de publicación, distribución, etc. España
260 ## - Pie de imprenta
Nombre del editor, distribuidor, etc. Bosch
260 ## - Pie de imprenta
Fecha de publicación, distribución, etc. 2009
300 ## - Descripción física
Extensión 369 páginas
490 ## - Serie
Título de la Serie Investigación Criminal
650 ## - Materia general
Temática (materia general) GRAFOSCOPÍA
650 ## - Materia general
Temática (materia general) ORIGEN DE LA ESCRITURA
650 ## - Materia general
Temática (materia general) COMPOSICIÓN DE LA LETRA
650 ## - Materia general
Temática (materia general) ORGANIZACIÓN DEL GESTO GRÁFICO
650 ## - Materia general
Temática (materia general) IDENTIFICACIÓN DE LA ESCRITURA
650 ## - Materia general
Temática (materia general) MÉTODOS DE IDENTIFICACIÓN DE ESCRITOS
650 ## - Materia general
Temática (materia general) ANÁLISIS GRAFOSCOPICOS
650 ## - Materia general
Temática (materia general) FIRMA
650 ## - Materia general
Temática (materia general) MODIFICACIÓN DE LA ESCRITURA
650 ## - Materia general
Temática (materia general) INFORME PERICIAL
650 ## - Materia general
Temática (materia general) PRUEBA PERICIAL
942 ## - Punto de acceso adicional KOHA
Tipo de ítem KOHA Libro
Fuente del sistema de clasificación o colocación Dewey Decimal Classification
Existencias
Signatura completa Código de barras Programa Académico Tipo de ítem
363.256.5 R666g 17650 Investigación Criminal Libro